[Event "AUTO-OPEN-2703"]
[Site "http://www.queenalice.com/game.php?id=1067052"]
[Date "2012.6.2"]
[Round "1"]
[White "rochaviolao"]
[Black "lfsantanna"]
[Result "0-1"]
[WhiteElo "1492"]
[BlackElo "1663"]

1. e4 e5 2. f4 d6 3. d3 Nf6 4. Nf3 Nc6 5. Be2 Be7 6. O-O O-O 7. d4 exf4 8. e5
dxe5 9. Nxe5 Nxd4 10. Bxf4 Bc5 11. Kh1 Nxe2 12. Qxe2 Qd4 13. c3 Qd5 14. b4 Bd6
15. c4 Qd4 16. Nd2 Bxb4 17. Rad1 h5 18. h3 Be6 19. Bh2 Bxd2 20. Rxd2 Qh4 21.
Rfd1 Rae8 22. Rd4 Qg5 23. Qe1 c5 24. Rd6 Bc8 25. Qc3 Ne4 26. h4 Qf5 27. Qd3 Nf2+
0-1

[Event "AUTO-OPEN-2703"]
[Site "http://www.queenalice.com/game.php?id=1067073"]
[Date "2012.6.2"]
[Round "1"]
[White "barrai"]
[Black "rochaviolao"]
[Result "1-0"]
[WhiteElo "1871"]
[BlackElo "1513"]

1. e4 c5 2. Bc4 e6 3. a4 Nc6 4. c3 Nf6 5. d3 d5 6. exd5 exd5 7. Ba2 Be7 8. h3
O-O 9. Nf3 a6 10. O-O d4 11. Bf4 Nh5 12. Bh2 Bd6 13. Bxd6 Qxd6 14. Nxd4 cxd4 15.
Qxh5 Be6 16. Bxe6 fxe6 17. Rd1 Rf5 18. Qg4 Rf4 19. Qg3 e5 20. cxd4 Qxd4 21. Nc3
Raf8 22. Rd2 Nb4 23. Nd1 Rc8 24. Nc3 Qd6 25. Re1 Re8 26. Qxf4 exf4 27. Rxe8+ Kf7
28. Ne4 Qc7 29. Rc8 Qd7 30. d4 Qxa4 31. d5 Qd7 32. Rb8 Nxd5 33. Rxb7 1-0

[Event "AUTO-OPEN-2703"]
[Site "http://www.queenalice.com/game.php?id=1067074"]
[Date "2012.6.2"]
[Round "1"]
[White "rochaviolao"]
[Black "barrai"]
[Result "0-1"]
[WhiteElo "1522"]
[BlackElo "2031"]

1. e4 c5 2. d4 cxd4 3. Nf3 Nc6 4. Nxd4 d6 5. Nc3 a6 6. Nxc6 bxc6 7. Be3 Nf6 8.
f3 g6 9. Bc4 Bg7 10. Qd2 O-O 11. O-O-O Qc7 12. Bb3 Rd8 13. Qf2 Rb8 14. g4 Qa5
15. f4 Nxg4 16. Qf3 Bxc3 17. bxc3 Qxc3 18. Rde1 d5 19. e5 Bf5 20. Re2 d4 21. h3
Nxe3 22. h4 Bxc2 23. Rxc2 Qb4 24. Rxc6 Qa3+ 25. Kb1 Rxb3+ 26. axb3 Qxb3+ 27. Kc1
Qa3+ 28. Kd2 Nc4+ 29. Ke2 d3+ 30. Kf2 Qb2+ 31. Kg3 d2 32. Rxc4 Qb5 33. Re4 Qb2
34. Rd1 Qc2 35. h5 Rd3 0-1

[Event "AUTO-OPEN-2703"]
[Site "http://www.queenalice.com/game.php?id=1067085"]
[Date "2012.6.2"]
[Round "1"]
[White "secretguy"]
[Black "rochaviolao"]
[Result "1-0"]
[WhiteElo "2408"]
[BlackElo "1471"]

1. f4 d5 2. Nf3 Nf6 3. g3 e6 4. Bg2 b6 5. O-O Nc6 6. b3 Bb7 7. Bb2 Bd6 8. d3 Qe7
9. h3 h5 10. e3 O-O-O 11. Nbd2 e5 12. Nh4 g6 13. a4 a5 14. Qf3 e4 15. Qe2 Nb4
16. dxe4 dxe4 17. c4 c5 18. Bxf6 Qxf6 19. Bxe4 Rhe8 20. Bxb7+ Kxb7 21. Qf3+ Ka6
22. Ne4 Qg7 23. Rad1 Bc7 24. Ng2 f5 25. Ng5 1-0

[Event "AUTO-OPEN-2703"]
[Site "http://www.queenalice.com/game.php?id=1067086"]
[Date "2012.6.2"]
[Round "1"]
[White "rochaviolao"]
[Black "secretguy"]
[Result "0-1"]
[WhiteElo "1474"]
[BlackElo "2388"]

1. g3 f5 2. d3 Nf6 3. Nf3 g6 4. Nc3 Bg7 5. Bg2 O-O 6. e4 e6 7. Bd2 Nc6 8. e5 Ne8
9. Qc1 Nxe5 10. Bh6 Nxf3+ 11. Bxf3 f4 12. Bxf4 e5 13. Bh6 Rxf3 14. O-O d5 15.
Bxg7 Kxg7 16. Kg2 Rf7 17. Qd2 Be6 18. Rae1 d4 19. Ne4 Bd5 20. f3 Nd6 21. b3 Nf5
22. Kh1 Ne3 23. Rf2 Qe7 24. c3 Raf8 25. cxd4 exd4 26. f4 Bxe4+ 27. dxe4 Qxe4+
28. Kg1 g5 29. Ree2 gxf4 30. Rxf4 Rxf4 31. gxf4 Rxf4 0-1

[Event "AUTO-OPEN-2746"]
[Site "http://www.queenalice.com/game.php?id=1085089"]
[Date "2012.7.20"]
[Round "1"]
[White "chessman"]
[Black "rochaviolao"]
[Result "1-0"]
[WhiteElo "1826"]
[BlackElo "1483"]

1. e4 c5 2. b4 e6 3. bxc5 Bxc5 4. d4 Qa5+ 5. Bd2 Bb4 6. c3 Be7 7. f4 Nh6 8. Nf3
d5 9. e5 Bd7 10. c4 Qc7 11. cxd5 exd5 12. Bd3 Nf5 13. Bxf5 Bxf5 14. Nc3 Be4 15.
Qe2 O-O 16. Nxe4 dxe4 17. Qxe4 f6 18. O-O a5 19. Rab1 Ra7 20. Rfc1 Qd7 21. d5 f5
22. Qc4 Rc8 23. Qxc8+ 1-0

[Event "AUTO-OPEN-2746"]
[Site "http://www.queenalice.com/game.php?id=1085090"]
[Date "2012.7.20"]
[Round "1"]
[White "rochaviolao"]
[Black "chessman"]
[Result "0-1"]
[WhiteElo "1472"]
[BlackElo "1924"]

1. Nf3 d5 2. d3 e6 3. g3 c5 4. Bg2 Nf6 5. O-O Be7 6. Nc3 Nc6 7. a3 O-O 8. Bd2 a6
9. Re1 Bd7 10. e4 d4 11. Ne2 e5 12. c3 Rc8 13. b4 dxc3 14. Bxc3 cxb4 15. axb4
Nxb4 16. Nxe5 Nc6 17. Nxd7 Qxd7 18. f4 Rfd8 19. Nc1 Bc5+ 20. Kh1 Bd4 21. Bxd4
Qxd4 22. Ra4 Qa7 23. Nb3 Nd4 24. e5 Ne8 25. Nxd4 Rxd4 26. Rxd4 Qxd4 27. Bxb7 Rb8
28. Bxa6 Rb2 29. Re2 Rxe2 30. Qxe2 Qa1+ 31. Kg2 Qxa6 32. h4 h6 33. h5 Qc6+ 34.
Kh3 Qd5 35. g4 Nc7 36. Qc2 Ne6 0-1

[Event "AUTO-OPEN-2746"]
[Site "http://www.queenalice.com/game.php?id=1085115"]
[Date "2012.7.20"]
[Round "1"]
[White "rochaviolao"]
[Black "Railton"]
[Result "1-0"]
[WhiteElo "1470"]
[BlackElo "1764"]

1. d4 d5 2. c4 c6 3. Nc3 dxc4 4. e3 b5 5. Nf3 e6 6. g3 Bd6 7. Bg2 Bb7 8. O-O Nf6
9. Re1 a6 10. Bd2 O-O 11. Ne5 Bc7 12. Ne4 Nxe4 13. Bxe4 Bxe5 14. dxe5 Qc7 15. f4
c5 16. Bxb7 Qxb7 17. e4 b4 18. Qe2 Qb5 19. f5 exf5 20. exf5 f6 21. Rac1 fxe5 22.
Qxe5 Nd7 23. Qd5+ Kh8 24. Rxc4 a5 25. Qd3 Rad8 26. Qc2 h6 27. Rh4 Rf6 28. Re6
Rxf5 29. Qxf5 Rf8 30. Rexh6+ gxh6 31. Rxh6+ 1-0

[Event "AUTO-OPEN-2746"]
[Site "http://www.queenalice.com/game.php?id=1085116"]
[Date "2012.7.20"]
[Round "1"]
[White "Railton"]
[Black "rochaviolao"]
[Result "1-0"]
[WhiteElo "1744"]
[BlackElo "1483"]

1. Nf3 d5 2. d4 e6 3. Nc3 Nf6 4. e4 c6 5. e5 Nfd7 6. Bg5 f6 7. exf6 gxf6 8. Bh4
Nb6 9. Ne5 N8d7 10. Qh5+ Ke7 11. Qf7+ 1-0

[Event "AUTO-OPEN-2746"]
[Site "http://www.queenalice.com/game.php?id=1085117"]
[Date "2012.7.20"]
[Round "1"]
[White "rochaviolao"]
[Black "Jonatamachado"]
[Result "0-1"]
[WhiteElo "1518"]
[BlackElo "1353"]

1. e4 e5 2. Nc3 Nf6 3. Nf3 Nc6 4. d4 exd4 5. Nxd4 d6 6. h3 Be7 7. Be3 O-O 8. Nf5
Bxf5 9. exf5 h6 10. Qd2 Ne5 11. f4 Nc6 12. g4 Nd7 13. g5 hxg5 14. fxg5 Nce5 15.
Bg2 Nc4 16. Qc1 Nxe3 17. Qxe3 Bxg5 18. Qf3 Re8+ 19. Kf1 c6 20. Re1 Rxe1+ 21.
Kxe1 Ne5 22. Qe4 Bh4+ 23. Kd1 Bf6 24. Ne2 Qd7 25. h4 Re8 26. h5 d5 27. Qf4 Qe7
28. h6 Bg5 29. f6 Bxf4 30. fxe7 Bxh6 31. Ng3 Rxe7 32. Nf5 Re6 33. Ke2 Nc4+ 34.
Kd3 Nxb2+ 35. Kc3 Na4+ 0-1

[Event "AUTO-OPEN-2746"]
[Site "http://www.queenalice.com/game.php?id=1085118"]
[Date "2012.7.20"]
[Round "1"]
[White "Jonatamachado"]
[Black "rochaviolao"]
[Result "1-0"]
[WhiteElo "1376"]
[BlackElo "1495"]

1. e4 c5 2. f4 Nc6 3. Nf3 e6 4. d4 d5 5. e5 f6 6. Be3 c4 7. Be2 Nge7 8. O-O Nf5
9. Bf2 Be7 10. Nc3 Bd7 11. a3 h6 12. g4 Bxa3 13. Rxa3 Nfe7 14. exf6 gxf6 15. Bh4
Ng6 16. Bg3 f5 17. gxf5 exf5 18. Re1 O-O 19. Nxd5 Be6 20. Nc3 Bf7 21. Ne5 Qxd4+
22. Qxd4 Nxd4 23. Nxf7 Kxf7 24. Bxc4+ Kg7 25. Rc1 Rac8 26. Bd3 a6 27. Kf2 h5 28.
Ke3 h4 29. Kxd4 hxg3 30. hxg3 Ne7 31. Ke3 Kg6 32. Rh1 Rh8 33. Raa1 Rhe8 34. Kd2
Ng8 35. Rae1 Nf6 36. Rxe8 Rxe8 37. Re1 Rd8 38. Re5 1-0

[Event "AUTO-INT-2388"]
[Site "http://www.queenalice.com/game.php?id=1085343"]
[Date "2012.7.21"]
[Round "1"]
[White "Arther"]
[Black "rochaviolao"]
[Result "0-1"]
[WhiteElo "1532"]
[BlackElo "1496"]

1. c4 e5 2. Nc3 Nc6 3. g3 d6 4. Bg2 Nf6 5. Nf3 h6 6. O-O Be6 7. b3 Qd7 8. e3 Bh3
9. Nh4 g5 10. Bxh3 Qxh3 11. Ng2 Ng4 12. Re1 Qxh2+ 13. Kf1 Qh1+ 14. Ke2 Qxg2 15.
Rf1 Nh2 16. Rg1 Qf3+ 17. Ke1 Qxd1+ 18. Kxd1 Nf3 19. Rh1 h5 20. d3 g4 21. Ne4 Bg7
22. Bb2 Nb4 23. Bc3 Nxd3 24. Ke2 Nc5 25. Nd2 Nxd2 26. Bxd2 e4 27. Rad1 Nd3 28.
a4 c6 29. Rb1 O-O-O 30. b4 b6 31. a5 b5 32. cxb5 cxb5 33. Rb3 Kd7 34. Rbb1 Ke6
35. Rhd1 Rc8 36. Rb3 Rc4 37. Rdb1 h4 38. gxh4 Rxh4 39. Rxd3 exd3+ 40. Kxd3 f5
41. Ke2 Bc3 42. Rc1 Bxd2 43. Kxd2 d5 44. Rb1 Ke5 0-1

[Event "AUTO-INT-2388"]
[Site "http://www.queenalice.com/game.php?id=1085344"]
[Date "2012.7.21"]
[Round "1"]
[White "rochaviolao"]
[Black "Arther"]
[Result "1-0"]
[WhiteElo "1462"]
[BlackElo "1597"]

1. e4 c5 2. c4 Nc6 3. Nc3 g6 4. f3 Bg7 5. Nge2 Nf6 6. d4 cxd4 7. Nxd4 O-O 8. Be2
Nh5 9. g4 Nf4 10. Bxf4 d6 11. Qd2 e5 12. Bh6 Qf6 13. Nd5 Qh4+ 14. Kd1 Nxd4 15.
Be3 Nxe2 16. Qxe2 Bd7 17. Kc2 Qd8 18. b3 b6 19. h4 h5 20. Bg5 Qc8 21. Ne7+ 1-0

[Event "AUTO-INT-2388"]
[Site "http://www.queenalice.com/game.php?id=1085357"]
[Date "2012.7.21"]
[Round "1"]
[White "teferi"]
[Black "rochaviolao"]
[Result "1-0"]
[WhiteElo "1492"]
[BlackElo "1477"]

1. d4 d5 2. e4 dxe4 3. Nc3 f5 4. f3 Nf6 5. fxe4 fxe4 6. Bg5 h6 7. Bxf6 exf6 8.
Qh5+ Ke7 9. O-O-O Qd6 10. Nxe4 Qf4+ 11. Rd2 Qxf1+ 12. Rd1 Qf4+ 13. Nd2 Qxd4 14.
Ngf3 Bg4 15. Rhe1+ Kd7 16. Qe8+ 1-0

[Event "AUTO-INT-2388"]
[Site "http://www.queenalice.com/game.php?id=1085358"]
[Date "2012.7.21"]
[Round "1"]
[White "rochaviolao"]
[Black "teferi"]
[Result "1-0"]
[WhiteElo "1511"]
[BlackElo "1381"]

1. e4 e6 2. d4 Nc6 3. Nf3 d5 4. e5 h6 5. Bd3 Nge7 6. O-O b6 7. Nbd2 Bb7 8. c3 g6
9. b3 Bg7 10. a3 Qd7 11. b4 O-O-O 12. c4 dxc4 13. Nxc4 Nxd4 14. Be3 Nxf3+ 15.
gxf3 Bxf3 16. Nd6+ cxd6 17. Qxf3 Kc7 18. Rfc1+ Nc6 19. b5 Bxe5 20. Qxc6+ Qxc6
21. Rxc6+ Kd7 22. Rac1 Ke7 23. R1c2 d5 24. Kg2 Kd7 25. Kf3 g5 26. h3 f5 27. Ke2
f4 28. Bc1 Rhf8 29. f3 h5 30. Bb2 Bxb2 31. Rxb2 Ke7 32. a4 e5 33. a5 bxa5 34.
Rc7+ Kd6 35. Rxa7 Ra8 36. Ra6+ Rxa6 37. bxa6 e4 38. fxe4 dxe4 39. Bxe4 1-0

[Event "AUTO-INT-2388"]
[Site "http://www.queenalice.com/game.php?id=1085367"]
[Date "2012.7.21"]
[Round "1"]
[White "rochaviolao"]
[Black "jhwickboldt"]
[Result "0-1"]
[WhiteElo "1520"]
[BlackElo "1893"]

1. d4 d5 2. Nc3 e6 3. Nf3 f5 4. e3 Nc6 5. Bb5 Bd7 6. O-O Bd6 7. Bd2 Qf6 8. a4
O-O-O 9. Qe2 Nb4 10. Bxd7+ Rxd7 11. Rac1 g5 12. Ne5 Bxe5 13. dxe5 Qxe5 14. f4
gxf4 15. exf4 Qxe2 16. Nxe2 Nc6 17. b4 Nf6 18. b5 Ne7 19. Nd4 Ne4 20. Bb4 h5 21.
Nxe6 Rh6 22. Nf8 Rd8 23. Bxe7 Re8 24. Bg5 Rd6 25. Nh7 Rh8 26. Nf8 Nxg5 27. fxg5
Rxf8 28. Rce1 h4 29. h3 Rg6 30. Re5 Rxg5 31. Rxd5 b6 32. Rf4 Rh5 33. Kf2 Kb7 34.
Ke3 Rg5 35. Rxh4 Rxg2 36. c4 Ra2 37. Rh7 Rxa4 38. Kd4 a6 39. h4 axb5 40. Rxb5
Ra5 41. Rxa5 bxa5 42. Ke3 Kb6 43. Rg7 a4 44. Rd7 f4+ 45. Kf3 Rh8 0-1

[Event "AUTO-INT-2388"]
[Site "http://www.queenalice.com/game.php?id=1085368"]
[Date "2012.7.21"]
[Round "1"]
[White "jhwickboldt"]
[Black "rochaviolao"]
[Result "1-0"]
[WhiteElo "1872"]
[BlackElo "1498"]

1. e4 e5 2. d3 Nf6 3. c4 Nc6 4. Nf3 h6 5. Nc3 Bc5 6. Be2 Nd4 7. Nxd4 Bxd4 8. Bd2
a6 9. Rb1 d6 10. Qc1 c6 11. O-O b5 12. Be3 b4 13. Na4 Be6 14. Bxd4 exd4 15. b3
g5 16. Qd2 c5 17. e5 dxe5 18. Nxc5 Qd6 19. Bf3 Rc8 20. Nxe6 fxe6 21. Rfe1 Rc5
22. Qxb4 O-O 23. Re2 g4 24. Be4 Nxe4 25. Rxe4 h5 26. Rbe1 a5 27. Qd2 Rf4 28. a3
Rxe4 29. Qg5+ Kf8 30. Rxe4 Qe7 31. Qxh5 Qf7 32. Qxf7+ Kxf7 33. b4 axb4 34. axb4
Rc8 35. Rxg4 Kf6 36. Re4 Kf5 37. h4 Rh8 38. g4+ Kf6 39. h5 Kg5 40. f3 1-0

[Event "AUTO-INT-2338"]
[Site "http://www.queenalice.com/game.php?id=1105819"]
[Date "2012.9.24"]
[Round "2"]
[White "od_xavier"]
[Black "rochaviolao"]
[Result "1-0"]
[WhiteElo "1660"]
[BlackElo "1474"]

1. e4 c5 2. Nf3 Nc6 3. Bc4 e6 4. Nc3 Nge7 5. O-O d5 6. exd5 Nxd5 7. Nxd5 exd5 8.
Re1+ Be6 9. Bb5 c4 10. Ne5 Qc7 11. Qf3 O-O-O 12. Nxc6 bxc6 13. Ba4 Kb7 14. d4
Qa5 15. Bxc6+ Kxc6 16. c3 Be7 17. Bf4 g5 18. Be5 Rhg8 19. b3 Kd7 20. Qh5 Qxc3
21. Qxh7 cxb3 22. axb3 a5 23. h3 Qxb3 24. Rxa5 Ra8 25. Rxa8 Rxa8 26. Rb1 Qc4 27.
Rb7+ 1-0

[Event "AUTO-INT-2338"]
[Site "http://www.queenalice.com/game.php?id=1105823"]
[Date "2012.9.24"]
[Round "2"]
[White "KAXY"]
[Black "rochaviolao"]
[Result "0-1"]
[WhiteElo "1477"]
[BlackElo "1465"]

1. d4 Nf6 2. Nc3 g6 3. e4 d6 4. Be3 Bg7 5. Bd3 Nbd7 6. Nf3 O-O 7. e5 Ng4 8. Ng5
Nxe3 9. fxe3 dxe5 10. O-O Nb6 11. dxe5 Bxe5 12. Nf3 Bg7 13. Qe2 e5 14. Rad1 Qe7
15. e4 f5 16. exf5 Bxf5 17. Bxf5 Rxf5 18. Nh4 Qxh4 19. g3 Qe7 20. Rxf5 gxf5 21.
Nd5 Qc5+ 22. Ne3 f4 0-1

[Event "AUTO-INT-2338"]
[Site "http://www.queenalice.com/game.php?id=1105824"]
[Date "2012.9.24"]
[Round "2"]
[White "rochaviolao"]
[Black "KAXY"]
[Result "1-0"]
[WhiteElo "1481"]
[BlackElo "1485"]

1. e4 e5 2. d4 exd4 3. c3 dxc3 4. Nxc3 c6 5. Be3 Bb4 6. Bd4 Bxc3+ 7. Bxc3 Qe7 8.
Bd3 Nf6 9. Qe2 b5 10. O-O-O O-O 11. Bxf6 Qxf6 12. Kb1 Bb7 13. Nf3 Na6 14. a3
Rfe8 15. h4 d5 16. e5 Qf4 17. g3 Qg4 18. Rhe1 Nc5 19. Nd4 Qxd4 20. Bxh7+ Kxh7
21. Rxd4 f6 22. f4 Nb3 23. Qc2+ Kh6 24. Qxb3 a5 25. g4 Rab8 26. Qg3 c5 27. Rd2
d4 28. g5+ Kg6 29. h5+ Kf5 30. gxf6 gxf6 31. Qg6+ Kxf4 32. Rf2+ Bf3 33. Qxf6+
Kg3 34. Qxf3+ Kh4 35. Qf4+ Kh3 36. Rh1# 1-0